Vremja chudožestvennoje i vremja lingvističeskoje v tvorčestve N. V. Gogoľa

Bibliographic Details
Main Author: Kudrjavcevová, Eva (Author)
Format: Article
Language:Russian
PhysicalDescription:Res. angl., slov., lit. 11 zázn. v češ., ruš., slov.
ISBN:8085162415
Subjects:

MARC

LEADER 00000nab a2200000 a 4500
001 vtls000518765
003 SK-MaSNL
005 20260318133124.0
008 160205c1992 xo 0 rus
015 |a SNBRA19rr/mm-uuuuu 
035 |a CL0518903 
040 |a SNKBUCL  |b slo  |c SNKBUCL  |e AACR2 
041 0 |a rus 
044 |a xo  |c SK 
080 |a 800.853:808.2  |2 1981 
080 |a 801.682.1  |2 1981 
080 |a 808.2-085  |2 1981 
080 |a 82.033:882-3  |2 1981 
080 |a 882-3.033  |2 1981 
100 1 |a Kudrjavcevová, Eva  |4 aut  |9 818902 
245 1 0 |a Vremja chudožestvennoje i vremja lingvističeskoje v tvorčestve N. V. Gogoľa  |c Eva Kudrjavcevová 
300 |b Res. angl., slov., lit. 11 zázn. v češ., ruš., slov. 
600 1 7 |a Gogoľ, Nikolaj Vasilievič,  |d 1809-1852  |t Strašná pomsta  |2 snkbucl  |9 1236016 
600 1 7 |a Gogoľ, Nikolaj Vasilievič,  |d 1809-1852  |t Taras Buľba  |2 snkbucl  |9 1236017 
650 0 7 |a jazykové temporálne prostriedky  |2 snkbucl  |9 1236018 
655 7 |a články zo zborníkov  |2 snkbucl  |9 166140 
655 7 |a články z odboru literárna veda a krásna literatúra  |2 snkbucl  |9 770045 
773 0 |t Acta Universitatis Mathaei Belii. Zborník vedeckovýskumných prác. Séria prírodovedná 1  |d Banská Bystrica : Univerzita Mateja Bela, 1992  |g S. 195-207  |z 8085162415 
850 |a Slovenská národná knižnica v Martine  |a MTA001 
852 |a SNK  |b KIS3GCP 
958 |a NB 
958 |a RK 
958 |a LX 
992 |a RZB 
999 |c 2185751  |d 2187681